000 00442nam a22001817a 4500
003 MPLRDC
005 20220104124358.0
008 210129b ||||| |||| 00| 0 eng d
020 _a7-207-00227-0
082 _a982.9 SYM
100 _a孙毓敏
245 _a含泪的笑
_c
250 _a一版一刷
260 _a
_b黑龙江人民出版社
_c1987
300 _b
650 _a伶人传记; 演员传记
942 _cBK
_o982.9 SYM
999 _c18871
_d18861